书目信息 |
| 题名: |
学前儿童语言教育
|
|
| 作者: | 赵寄石 , 楼必生 主编 | |
| 分册: | ||
| 出版信息: | 北京 人民教育出版社 2003 |
|
| 页数: | 282页 | |
| 开本: | 21cm | |
| 丛书名: | ||
| 单 册: | ||
| 中图分类: | G613.2 | |
| 科图分类: | ||
| 主题词: | 语言教学-学前教育--研究 , 学前教育-语言教学--研究 | |
| 电子资源: | ||
| ISBN: | 7-107-16735-9 | |
| 000 | 00949nam0 2200265 45 | |
| 001 | 0194004152 | |
| 005 | 20070727145006.39 | |
| 010 | @a7-107-16735-9@dCNY13.20 | |
| 100 | @a19940127d2003 em y0chiy0121 ea | |
| 101 | 0 | @achi |
| 102 | @aCN@b110000 | |
| 105 | @ay z 000yy | |
| 200 | 10 | @a学前儿童语言教育@AXUE QIAN ER TONG YU YAN JIAO YU@f赵寄石,楼必生主编@FZHAO JI SHI , LOU BI SHENG ZHU BIAN |
| 205 | @a2版 | |
| 210 | @a北京@c人民教育出版社@d2003 | |
| 215 | @a282页@d21cm | |
| 330 | @a主要阐述了语言、社会和儿童的关系,语言系统的结构和语言的社会功能,儿童语言发展的规律及其特点,学前教育儿童语言障碍与语言矫治和国外对学前儿童语言教育的研究趋向等。 | |
| 540 | 1 | @a儿童 语言@AER TONG YU YAN |
| 606 | @a语言教学-学前教育@x研究 | |
| 606 | @a学前教育-语言教学@x研究 | |
| 690 | @aG613.2@v三版 | |
| 701 | 0 | @a赵寄石@AZHAO JI SHI@4主编 |
| 701 | 0 | @a楼必生@ALOU BI SHENG@4主编 |
| 801 | 0 | @aCN@bTSSF@c20070727 |
| 905 | @a10447@dG613.2@e101=2 | |
| 学前儿童语言教育/赵寄石,楼必生主编.-2版.-北京:人民教育出版社,2003 |
| 282页;21cm |
| ISBN 7-107-16735-9:CNY13.20 |
| 主要阐述了语言、社会和儿童的关系,语言系统的结构和语言的社会功能,儿童语言发展的规律及其特点,学前教育儿童语言障碍与语言矫治和国外对学前儿童语言教育的研究趋向等。 |
| ● |
| 相关链接 |
|
|
|
|
正题名:学前儿童语言教育
索取号:G613.2/101=2
 
预约/预借
| 序号 | 登录号 | 条形码 | 馆藏地/架位号 | 状态 | 备注 |
| 1 | 0779023 | 207790238 | 第一样本阅览室/ [索取号:G613.2/101=2] | 在馆 | |
| 2 | 0787925 | 207879250 | 密集书库/ [索取号:G613.2/101=2] | 在馆 |